[Event "Medellin Flores op 30th"]
[Site "Medellin"]
[Date "2023.08.06"]
[Round "6"]
[White "Figueroa Rincon, Cesar Fabian"]
[Black "Monroy Arrubla, Stiven"]
[Result "0-1"]
[WhiteElo "1413"]
[BlackElo "1705"]
[PlyCount "90"]
[EventDate "2023.08.03"]
[EventType "swiss"]
[EventRounds "9"]
[EventCountry "COL"]
[SourceTitle "EXT 2024"]
[Source "ChessBase"]
[SourceDate "2023.10.10"]
[SourceVersion "1"]
[SourceVersionDate "2023.10.10"]
[SourceQuality "1"]

1. e4 c5 2. Nf3 d6 3. d3 Nc6 4. g3 g6 5. Bg2 Bg7 6. c3 Nf6 7. h3 Rb8 8. Be3 0-0 9. 0-0 Bd7 10. Nbd2 b5 11. a3 a5 12. Rb1 b4 13. axb4 axb4 14. Nc4 Be6 15. e5 Ne8 16. Bf4 bxc3 17. bxc3 Rxb1 18. Qxb1 Bxc4 19. dxc4 Nxe5 20. Nxe5 Bxe5 21. Bxe5 dxe5 22. Qb5 Qc7 23. Qc6 Qxc6 24. Bxc6 Nd6 25. Bb5 Rb8 26. Rb1 Nxc4 27. Rb3 Nd6 28. c4 Kg7 29. Kg2 f5 30. Kf3 Kf6 31. Ke3 g5 32. g4 e6 33. f3 e4 34. fxe4 Nxe4 35. Rd3 Ke5 36. Rd7 f4+ 37. Kf3 Nd6 38. Rxh7 Nxb5 39. cxb5 Rxb5 40. Rh5 Rb3+ 41. Ke2 Kf6 42. h4 gxh4 43. Rxh4 Ke5 44. Rh5+ Kd4 45. Rh7 Ke4 0-1

[Event "Medellin Flores op 30th"]
[Site "Medellin"]
[Date "2023.08.04"]
[Round "3"]
[White "Monroy Arrubla, Stiven"]
[Black "Cortes Morales, Jeronimo"]
[Result "1-0"]
[WhiteElo "1705"]
[BlackElo "1068"]
[PlyCount "37"]
[EventDate "2023.08.03"]
[EventType "swiss"]
[EventRounds "9"]
[EventCountry "COL"]
[SourceTitle "EXT 2024"]
[Source "ChessBase"]
[SourceDate "2023.10.10"]
[SourceVersion "1"]
[SourceVersionDate "2023.10.10"]
[SourceQuality "1"]

1. e4 c5 2. Nf3 Nc6 3. Bb5 d6 4. Bxc6+ bxc6 5. 0-0 Nf6 6. Qe2 g6 7. c3 Bg7 8. Rd1 0-0 9. d4 cxd4 10. cxd4 Qc7 11. Nc3 Bb7 12. e5 Ne8 13. e6 fxe6 14. Qxe6+ Kh8 15. Ng5 Bc8 16. Nf7+ Kg8 17. Nh6+ Kh8 18. Qg8+ Rxg8 19. Nf7# 1-0

[Event "Medellin Flores op 30th"]
[Site "Medellin"]
[Date "2023.08.03"]
[Round "1"]
[White "Palomino, Marcel"]
[Black "Monroy Arrubla, Stiven"]
[Result "1-0"]
[WhiteElo "1600"]
[BlackElo "1705"]
[PlyCount "125"]
[EventDate "2023.08.03"]
[EventType "swiss"]
[EventRounds "9"]
[EventCountry "COL"]
[SourceTitle "EXT 2024"]
[Source "ChessBase"]
[SourceDate "2023.10.10"]
[SourceVersion "1"]
[SourceVersionDate "2023.10.10"]
[SourceQuality "1"]

1. d4 Nf6 2. c4 c5 3. d5 b5 4. cxb5 a6 5. bxa6 Bxa6 6. Nc3 d6 7. e4 Bxf1 8. Kxf1 g6 9. Nf3 Nbd7 10. g3 Bg7 11. Kg2 0-0 12. h3 Qb6 13. Re1 Rfb8 14. Qc2 Ne8 15. b3 c4 16. Na4 Qb4 17. Rb1 cxb3 18. axb3 Rc8 19. Qd3 Ne5 20. Nxe5 Qxe1 21. Nc6 Rxc6 22. Bd2 Qxb1 23. Qxb1 Rca6 24. Qd3 h5 25. Bc3 Bxc3 26. Nxc3 Rb6 27. Nb5 Rab8 28. Nd4 Nf6 29. f3 Nd7 30. Qd2 Nc5 31. Nc6 Rxb3 32. Nxb8 Rxb8 33. Qg5 Rb7 34. g4 hxg4 35. Qxg4 Rb2+ 36. Kg3 Rb1 37. Qc8+ Kg7 38. e5 Rb3 39. Qe8 dxe5 40. Qxe7 Ne4+ 41. Kg2 Rb2+ 42. Kf1 Nf6 43. Ke1 Rb5 44. d6 Rd5 45. h4 Rd3 46. Kf1 Rd1+ 47. Kf2 e4 48. Ke2 Rd4 49. fxe4 Rxe4+ 50. Qxe4 Nxe4 51. d7 Nc3+ 52. Kd3 Nd5 53. d8Q Nf4+ 54. Ke4 Ne6 55. Qe7 Nf8 56. Ke5 Ne6 57. h5 gxh5 58. Qf6+ Kg8 59. Qh6 Ng7 60. Kf6 Ne8+ 61. Ke7 Ng7 62. Qg5 h4 63. Kf6 1-0